000 00252nam a22000977a 4500
008 240831b |||||||| |||| 00| 0 eng d
020 _a9788129148278
100 _aO'Brien Derek
_97791
245 _aThe India A-Z Quiz Book
260 _aNew Delhi
_bRupa
_c2017
999 _c12633
_d12633